000 00401nam a22001457a 4500
020 _a0195105095
040 _cNUST
082 _a621.3 BOB
100 _aBobrow, Leonard S
_956851
245 _aFundamentals of Electrical Engineering
250 _a2th Edition
260 _aNew York:
_bOxford University Press,
_c1996.
650 _aFundamentals of Electrical Engineering
_9114093
942 _2ddc
_cBK
999 _c595487
_d595487